000 00771nam a2200289Ia 4500
005 20260324143410.0
008 008 260324s9999 xx 000 0 eng d
020 _a9781351077170
037 _aEBOOK
040 _aCRL
040 _beng
040 _cCRL
041 _2eng
041 _aeng
084 _qCRL
100 _aF.R. Allen
_91215486
245 4 _aThe Management of Risk to Society from Potential Accidents
245 4 _bThe Main Report of the UKAEA Working Group on the Risks to Society from Potential Major Accidents
260 _bTaylor and Francis
260 _c1992
365 _a
365 _b300
856 _uhttp://www.taylorfrancis.com/books/9781351077170
942 _cEBOOK
999 _c1820853
_d1820853